Normal view MARC view
  • Committee of Inquiry into Hunting with Dogs

Entry Corporate Name

Number of records used in: 1

001 - CONTROL NUMBER

  • control field: 4697

003 - CONTROL NUMBER IDENTIFIER

  • control field: OSt

005 - DATE AND TIME OF LATEST TRANSACTION

  • control field: 20190806150236.0

008 - FIXED-LENGTH DATA ELEMENTS

  • fixed length control field: 050422n| aaannaabn |n ana d

040 ## - CATALOGING SOURCE

  • Original cataloging agency: OSt
  • Transcribing agency: OSt

110 ## - HEADING--CORPORATE NAME

  • Corporate name or jurisdiction name as entry element: Committee of Inquiry into Hunting with Dogs

410 ## - SEE FROM TRACING--CORPORATE NAME

  • Corporate name or jurisdiction name as entry element: Burns Committee

670 ## - SOURCE DATA FOUND

  • Source citation: Report of the Committee of Inquiry into Hunting with Dogs in England and Wales, 2000